MARC

LEADER 00000nam0a2200000 4500
001 300241
005 20231102001300.0
020 |a RU  |b 83-8247 
035 |a (RuTPU)RU\TPU\book\325394 
090 |a 300241 
100 |a 20150708d1982 km y0rusy5003 ca 
101 0 |a rus 
102 |a RU 
105 |a y z 001zy 
200 1 |a Социальные потребности личности: формирование, удовлетворение, развитие  |f В. И. Тарасенко  |g Академия наук Украинской ССР (АН УССР), Институт философии 
210 |a Киев  |c Наукова думка  |d 1982 
215 |a 168 с. 
320 |a Библиография в ссылках. 
606 1 |a Личность  |x В социалистическом обществе  |2 stltpush  |3 (RuTPU)RU\TPU\subj\40538  |9 60384 
610 1 |a общественные потребности 
610 1 |a возвышения потребностей закон при социализме 
610 1 |a социальные потребности 
610 1 |a формирование 
610 1 |a удовлетворение 
610 1 |a развитие 
675 |a 1МИ  |z rus 
686 |a Ю612.3  |2 rubbk 
700 1 |a Тарасенко  |b В. И.  |g Валентин Иванович  |4 070 
712 0 2 |a Академия наук Украинской ССР (АН УССР)  |b Институт философии  |2 stltpush  |3 (RuTPU)RU\TPU\col\12865 
801 0 |a RU  |b RuMRKP  |c 19950704  |g psbo 
801 1 |a RU  |b 63413507  |c 20150708 
801 2 |a RU  |b 63413507  |c 20180531  |g RCR 
942 |c BK